000 00548nam a22001937a 4500
005 20260506124350.0
008 260506b |||||||| |||| 00| 0 eng d
020 _a9780857931252
_qpbk
041 _aeng
082 _a341.2 KLA
100 _aKlabbers,Jan
245 _aResearch Handbook on the Law of International Organizations
_c/Edited by Jan Klabbers;
260 _aUnited Kingdom
_bEdward Elgar
_c2014
300 _a530p. :
_c25cm.
504 _aBib and Ref
650 _aLaw of nations
700 _aWallendahl,Asa
942 _cENGLISH
999 _c622636
_d622636